| 000 | 00692nam a2200253Ia 4500 | ||
|---|---|---|---|
| 001 | Para_6800 | ||
| 003 | CHAP | ||
| 008 | 220125s1984 xx 000 0 und d | ||
| 010 | _a205596 | ||
| 040 | _cCHAP | ||
| 090 | _aPA FOLLETO 733 | ||
| 110 | _aUACh. División de Ciencias Forestales | ||
| 245 |
_aLista de publicaciones / _c por UACh. División de Ciencias Forestales |
||
| 260 |
_aChapingo, Méx. : _b La Universidad |
||
| 300 | _a8 p. | ||
| 650 |
_aBosques _x bibliografía _914095 |
||
| 901 | _aPA FOLLETO 733 | ||
| 902 | _aA | ||
| 905 | _a0000001984 0000000000 00 | ||
| 910 | _a1984 | ||
| 942 | _cPARA | ||
| 942 |
_cPARA _d1 |
||
| 999 |
_c205596 _d205596 |
||